Countries of Europe in 1444 by Region - Statistics

General Stats
  • This quiz has been taken 13 times
    2 since last reset
  • The average score is 22 of 88
Answer Stats
Germany & Scandinavia % Correct
Andorra
100%
England
100%
France
100%
Albania
50%
Aragon
50%
Armagnac
50%
Athens
50%
Auvergne
50%
Bologna
50%
Bosnia
50%
Bourbonnais
50%
Brittany
50%
Burgundy
50%
Castile
50%
Croatia
50%
Denmark
50%
Flanders
50%
Foix
50%
Genoa
50%
Herzegovina
50%
Holy Roman Empire
50%
Hungary
50%
Kazan
50%
Lithuania
50%
Moldavia
50%
Naples
50%
Navarra
50%
Nevers
50%
Norway
50%
Orleans
50%
Ottoman Empire
50%
Papal States
50%
Poland
50%
Portugal
50%
Provence
50%
Rostov
50%
San Marino
50%
Scotland
50%
Serbia
50%
Sweden
50%
Venice
50%
Avaria
0%
Beloozero
0%
Byzantium
0%
Circassia
0%
Clanricarde
0%
Cospaia
0%
Crimea
0%
Desmond
0%
East Frisia
0%
Epirus
0%
Gazimukh
0%
Grenada
0%
Holstein
0%
Kildare
0%
Leinster
0%
Livonian Order
0%
Mazovia
0%
Munster
0%
Muscovy
0%
Naxos
0%
Nogai
0%
Novgorod
0%
Odoyev
0%
Offaly
0%
Ormond
0%
Perm
0%
Perugia
0%
Pskov
0%
Ragusa
0%
Riga
0%
Ryazan
0%
Senarica
0%
Shirvan
0%
Sligo
0%
Teutonic Order
0%
The Great Horde
0%
The Isles
0%
The Knights
0%
Theodoro
0%
Thomond
0%
Tver
0%
Tyrconnell
0%
Tyrone
0%
Ulster
0%
Urbino
0%
Wallachia
0%
Yaroslavl
0%
No matching quizzes found
Score Distribution
Percent of People with Each Score
Percentile by Number Answered
Your Score History
You have not taken this quiz since the last reset